Statistics for All Time NFL Receiving Yards Leaders

Click here to take the quiz!

General Stats

  • This quiz has been taken 194 times
  • The average score is 7 of 10

Answer Stats

YardsAnswer% Correct
22,895Jerry Rice
99%
15,292Randy Moss
91%
15,934Terrell Owens
80%
16,279Larry Fitzgerald
75%
14,580Marvin Harrison
64%
14,934Tim Brown
64%
15,127Tony Gonzalez
56%
15,208Isaac Bruce
51%
14,731Steve Smith Jr
48%
14,345Reggie Wayne
47%

Score Distribution

Percentile by Number Answered

Percent of People with Each Score

Your Score History

You have not taken this quiz